3 Biggest Cities in each Region of Trinidad and Tobago - Statistics

General Stats
  • This quiz has been taken 3 times
  • The average score is 17 of 35
Answer Stats
Region + Rank Population City % Correct
Port of Spain 1 430,041 Port of Spain
100%
Arima 1 71,265 Arima
67%
Chaguanas 1 109,034 Chaguanas
67%
Couva–Tabaquite–Talparo 1 51,380 Couva
67%
Penal–Debe 3 7,934 Debe
67%
Diego Martin 1 42,508 Diego Martin
67%
Mayaro–Rio Claro 2 7,336 Mayaro
67%
Penal–Debe 2 16,716 Penal
67%
Point Fortin 1 35,170 Point Fortin
67%
Princes Town 1 24,895 Princes Town
67%
Mayaro–Rio Claro 1 10,064 Rio Claro
67%
San Fernando 1 103,779 San Fernando
67%
Sangre Grande 1 37,095 Sangre Grande
67%
San Juan–Laventille 1 91,364 San Juan
67%
Siparia 1 8,812 Siparia
67%
Tunapuna–Piarco 1 56,904 Tunapuna
67%
Tunapuna–Piarco 3 25,138 Arouca
33%
Tobago 2 10,577 Carnbee
33%
Couva–Tabaquite–Talparo 3 8,260 Claxton Bay
33%
Tobago 3 6,806 Crown Point
33%
Tunapuna–Piarco 2 28,610 Curepe
33%
Diego Martin 3 5,007 Dibe
33%
Penal–Debe 1 26,075 Duncan
33%
Couva–Tabaquite–Talparo 2 14,603 Freeport
33%
Princes Town 3 9,550 Gasparillo
33%
Mayaro–Rio Claro 3 3,308 Mafeking
33%
Princes Town 2 20,753 Marabella
33%
San Juan–Laventille 3 1,160 Maracas Bay
33%
Sangre Grande 3 1,878 Morne Cabrite
33%
Diego Martin 2 11,751 Petit Valley
33%
San Juan–Laventille 2 6,450 Santa Cruz
33%
Siparia 3 5,249 Santa Flora
33%
Tobago 1 47,613 Scarborough
33%
Siparia 2 6,120 South Oropouche
33%
Sangre Grande 2 15,131 Valencia
33%
No matching quizzes found
Score Distribution
Percent of People with Each Score
Percentile by Number Answered
Your Score History
You have not taken this quiz